Tiền tệ - ngân hàng
Gồm 12 chương, giới thiệu các nội dung: chế độ tiền tệ; thị trường tài chính; ngân hàng thương mại; tín dụng và lãi suất; thanh toán qua ngân hàng; phát hành tiền; lạm phát, ...; TM tài liệu tham khảo tr.419-420...
محفوظ في:
| المؤلف الرئيسي: | |
|---|---|
| التنسيق: | كتاب |
| اللغة: | Undetermined |
| منشور في: |
H.
Lao động - Xã hội
2012
|
| الموضوعات: | |
| الوصول للمادة أونلاين: | http://lrc.tdmu.edu.vn/opac/search/detail.asp?aID=2&ID=16556 |
| الوسوم: |
إضافة وسم
لا توجد وسوم, كن أول من يضع وسما على هذه التسجيلة!
|
| Thư viện lưu trữ: | Trung tâm Học liệu Trường Đại học Thủ Dầu Một |
|---|
| LEADER | 00976nam a2200205Ia 4500 | ||
|---|---|---|---|
| 001 | TDMU_16556 | ||
| 008 | 210410s9999 xx 000 0 und d | ||
| 082 | |a 332.1 | ||
| 090 | |b NG527 | ||
| 100 | |a Nguyễn Minh Kiều | ||
| 245 | 0 | |a Tiền tệ - ngân hàng | |
| 245 | 0 | |c Nguyễn Minh Kiều | |
| 260 | |a H. | ||
| 260 | |b Lao động - Xã hội | ||
| 260 | |c 2012 | ||
| 300 | |a 420tr. | ||
| 520 | |a Gồm 12 chương, giới thiệu các nội dung: chế độ tiền tệ; thị trường tài chính; ngân hàng thương mại; tín dụng và lãi suất; thanh toán qua ngân hàng; phát hành tiền; lạm phát, ...; TM tài liệu tham khảo tr.419-420 | ||
| 650 | |a Tiền tệ; Ngân hàng và hoạt động ngân hàng |z Việt Nam | ||
| 856 | |u http://lrc.tdmu.edu.vn/opac/search/detail.asp?aID=2&ID=16556 | ||
| 980 | |a Trung tâm Học liệu Trường Đại học Thủ Dầu Một | ||